| 000 | 00684nam a2200229 a 4500 | ||
|---|---|---|---|
| 001 | BRL_286 | ||
| 005 | 20190320210654.0 | ||
| 008 | 220713s1970----mx-b######---#000-0#spa-# | ||
| 041 | _aspa | ||
| 044 | _amx | ||
| 050 | 4 |
_aF1271 _b.M67 1970 |
|
| 100 | 1 |
_aMora, Gabriel de la _923459 |
|
| 245 | 1 | 0 |
_aEstado de Colima _cGabriel de la Mora. |
| 260 |
_aMéxico _bSEP, Subsecretaría de Asuntos Culturales _c1970 |
||
| 300 |
_a83 p. _bil. _c17 cm. |
||
| 440 | 0 |
_aCuadernos de Lectura Popular _pMonografías de México _v248 _923460 |
|
| 500 | _aIncluye dedicatoria para Ruth Lechuga | ||
| 500 | _aAu2359 | ||
| 651 | 4 |
_aColima (México) _xHistoria _923461 |
|
| 902 | _aGRL | ||
| 942 |
_2lcc _cB |
||
| 999 |
_c9099 _d9099 |
||